「丁目」がつく駅 - Statistics

General Stats
  • This quiz has been taken 221 times
  • The average score is 17 of 65
Answer Stats
頭文字 都道府県 駅名 % Correct
「し」 東京都 新宿三丁目
76%
「あ」 東京都 青山一丁目
66%
「ろ」 東京都 六本木一丁目
62%
「た」 大阪府 谷町九丁目
61%
「た」 大阪府 谷町四丁目
59%
「た」 大阪府 谷町六丁目
58%
「ぎ」 東京都 銀座一丁目
57%
「に」 東京都 西新宿五丁目
54%
「て」 大阪府 天神橋筋六丁目
48%
「ほ」 東京都 本郷三丁目
46%
「よ」 東京都 四谷三丁目
45%
「が」 大阪府 蒲生四丁目
35%
「ひ」 東京都 東池袋四丁目
33%
「あ」 東京都 荒川七丁目
32%
「あ」 東京都 荒川二丁目
32%
「し」 東京都 志村三丁目
31%
「に」 北海道 西18丁目
29%
「ず」 大阪府 瑞光四丁目
28%
「に」 北海道 西11丁目
28%
「ひ」 東京都 東尾久三丁目
26%
「に」 北海道 西15丁目
26%
「さ」 高知県 桟橋通一丁目
25%
「ほ」 愛媛県 本町三丁目
25%
「に」 北海道 西28丁目
25%
「さ」 高知県 桟橋通五丁目
24%
「さ」 高知県 桟橋通三丁目
24%
「さ」 高知県 桟橋通二丁目
24%
「さ」 高知県 桟橋通四丁目
24%
「ほ」 愛媛県 本町一丁目
24%
「ほ」 愛媛県 本町五丁目
24%
「ほ」 愛媛県 本町四丁目
24%
「ほ」 愛媛県 本町六丁目
24%
「な」 北海道 南郷13丁目
24%
「な」 北海道 南郷18丁目
24%
「に」 北海道 西4丁目
24%
「な」 北海道 南郷7丁目
24%
「う」 広島県 宇品五丁目
23%
「う」 広島県 宇品三丁目
23%
「う」 広島県 宇品二丁目
23%
「う」 広島県 宇品四丁目
23%
「に」 北海道 西8丁目
23%
「な」 宮城県 長町一丁目
19%
「ま」 東京都 町屋二丁目
19%
「に」 東京都 西ヶ原四丁目
18%
「た」 東京都 滝野川一丁目
17%
「ち」 高知県 知寄町一丁目
16%
「ち」 高知県 知寄町三丁目
16%
「ち」 高知県 知寄町二丁目
16%
「て」 大阪府 帝塚山四丁目
16%
「て」 大阪府 帝塚山三丁目
15%
「み」 広島県 皆実町六丁目
15%
「う」 鹿児島県 宇宿一丁目
14%
「よ」 広島県 横川一丁目
14%
「よ」 栃木県 陽東3丁目
14%
「み」 広島県 皆実町二丁目
13%
「だ」 広島県 段原一丁目
12%
「か」 高知県 上町一丁目
11%
「か」 高知県 上町五丁目
11%
「へ」 愛媛県 平和通一丁目
11%
「ま」 香川県 松島二丁目
11%
「か」 高知県 上町二丁目
10%
「か」 高知県 上町四丁目
10%
「あ」 高知県 旭町一丁目
9%
「あ」 高知県 旭町三丁目
9%
「か」 愛媛県 萱町六丁目
6%
No matching quizzes found
Score Distribution
Percent of People with Each Score
Percentile by Number Answered
Your Score History
You have not taken this quiz